000
00275nam a2200121Ia 4500
008
190216s9999||||xx |||||||||||||| ||und||
100
_a
Bernard Shaw
245
0
_a
Caesar And Cleopatra
260
_b
Orient Longman
_c
1971
300
_a
186p
650
_a
English
942
_c
BK
999
_c
13462
_d
13462